| 000 | 01254cam a2200289 i 4500 | ||
|---|---|---|---|
| 999 |
_c57694 _d57694 |
||
| 001 | 19456583 | ||
| 005 | 20221105212002.0 | ||
| 008 | 170118t20182018paua b 000 0 eng | ||
| 010 | _a 2017002153 | ||
| 020 | _a9780323478816 (pbk.) 1 | ||
| 041 | _aeng | ||
| 080 | _a612 C-83 | ||
| 100 | 1 |
_aCostanzo, Linda S., _d1947- _eauthor. _99473 |
|
| 245 | 1 | 0 |
_aPhysiology / _cLinda S. Costanzo, PhD, Professor of Physiology and Biophysics, Virginia Commonwealth University School of Medicine, Richmond, Virginia. |
| 250 | _aSixth edition. | ||
| 264 | 1 |
_aPhiladelphia, PA : _bElsevier, _c[2018] |
|
| 300 |
_a516 pages : _bcolor illustrations ; _c28 cm. |
||
| 504 | _aIncludes bibliographical references and index. | ||
| 505 | 0 | _aCellular physiology -- Autonomic nervous system -- Neurophysiology -- Cardiovascular physiology -- Respiratory physiology -- Renal physiology -- Acid-base physiology -- Gastrointestinal physiology -- Endocrine physiology -- Reproductive physiology. | |
| 650 | 0 |
_aPhysiology. _99474 |
|
| 650 | 1 | 2 |
_aPhysiological Phenomena _99475 |
| 650 | 2 | 2 |
_aPhysiology _99474 |
| 653 | _aმედიცინა | ||
| 653 | _aფიზიოლოგია | ||
| 942 |
_2udc _cBK |
||
| 955 | _axn08 2017-07-13 1 copy rec'd., to CIP ver. | ||